| 000 | 00471nam a22001577a 4500 | ||
|---|---|---|---|
| 999 |
_c330201 _d330201 |
||
| 003 | NUST | ||
| 005 | 20170613125359.0 | ||
| 008 | 170405b xxu||||| |||| 00| 0 eng d | ||
| 020 | _a8176487937 | ||
| 040 | _cDLC | ||
| 082 | _a572.539 RAJ | ||
| 100 | _4Rajvaidya, Neelima | ||
| 245 |
_aWater Characteristics and Properties _cNeelima Rajvaidya |
||
| 260 |
_c2010 _aNew Delhi _bA.P.H. Publishing |
||
| 300 | _a346p. | ||
| 500 | _aH.B | ||
| 942 |
_2ddc _cBK _kIESE |
||